Tìm hiểu việc giải toán có lời văn của học sinh lớp 4, 5

Những vấn đề lý luận chung...Đặc điểm tâm lý và nhận thức của học sinh tiểu học...Vai trò của toán học ...Phân loại các bài tập, thủ thuật nhận dạng các bài toán có lời văn trong chương trình toán lớp 4 ,5...Cung cấp một số bài tập toán nâng cao dành cho học sinh khá giỏi lớp 4,5......

Descripción completa

Guardado en:
Detalles Bibliográficos
Autor principal: Nguyễn, Thị Hóa
Otros Autores: Lê, Tử Tín Người hướng dẫn (Orientador)
Formato: Libro
Lenguaje:Vietnamese
Publicado: Đại học Sư Phạm Đại học Đà Nẵng 2011
Materias:
Etiquetas: Agregar Etiqueta
Sin Etiquetas, Sea el primero en etiquetar este registro!
Thư viện lưu trữ: Mạng thư viện Đại học Đà Nẵng
LEADER 01545nam a2200325 4500
001 000011377
003 7620
005 20120203140257.0
008 120203s2011 viesd
041 |a vie 
072 |a Khóa luận tốt nghiệp -Sư phạm Mầm non 
082 |a 372.7  |b NG-H 
100 1 |a Nguyễn, Thị Hóa 
245 1 |a Tìm hiểu việc giải toán có lời văn của học sinh lớp 4, 5  |c Nguyễn, Thị Hóa 
260 |a Đại học Sư Phạm  |b Đại học Đà Nẵng  |c 2011 
300 |a 73 tr.  |c 29 cm.  |e 1 CD, 
500 |a Khóa luận tốt nghiệp 
520 |a Những vấn đề lý luận chung...Đặc điểm tâm lý và nhận thức của học sinh tiểu học...Vai trò của toán học ...Phân loại các bài tập, thủ thuật nhận dạng các bài toán có lời văn trong chương trình toán lớp 4 ,5...Cung cấp một số bài tập toán nâng cao dành cho học sinh khá giỏi lớp 4,5... 
653 |a Học sinh lớp 4, 5 
700 |a Lê, Tử Tín  |c Người hướng dẫn  |e Th.S 
OWN |a LSP 
AVA |a UDN50  |b LSP  |d 372.7 NG-H  |e available  |t Error 5001 Not defined in file expand_doc_bib_avail.  |f 1  |g 0  |h N  |i 0  |k 1 
999 |a From the UDN01 
AVA |a UDN50  |b LSP  |d 372.7 NG-H  |e available  |t Error 5001 Not defined in file expand_doc_bib_avail.  |f 1  |g 0  |h N  |i 0  |k 1 
TYP |a Monograph 
TYP |a Printed language 
980 |a Mạng thư viện Đại học Đà Nẵng